| 000 | 01267nam a22002657a 4500 | ||
|---|---|---|---|
| 003 | OSt | ||
| 005 | 20210202125901.0 | ||
| 008 | 210202s2013 ck a|||gr|||| 00| 0 spa d | ||
| 040 |
_aCO-JMCR _cCO-JMCR |
||
| 041 | 0 | _aspa | |
| 082 | 0 | 4 |
_a618.24 / _bE362q _223 |
| 100 | 1 |
_aEisnberg, Arlene, _eautora _912971 |
|
| 245 |
_aQué esperar cuando se está esperando / _cArlene Eisenberg, Heidi E. Murkoff, Sandee E. Hathaway ; Revisión y prólogo a la edición en español por el Dr. José M. Dexeus Trías de Bes |
||
| 260 |
_aBogotá : _bNorma, _c2013 |
||
| 300 |
_a550 páginas : _bilustraciones a blanco y negro ; _c23 cm. |
||
| 505 | 0 | _aEl principio -- Nueve meses y contando -- Casos especiales -- Para terminar pero no menos importante | |
| 520 | 0 | _aUna guía que explica paso a paso el embrazo, el parto, el posparto y la forma más sana de alimentar a su hijo. Y además la dieta ideal para el embarazo y la lactancia. | |
| 650 | 2 | 4 |
_aPeriodo de embarazo _xCuidado e higiene _912972 |
| 650 | 2 | 4 |
_aCuidado prenatal _912973 |
| 650 | 2 | 4 |
_aEjercicio para embarazadas _912974 |
| 700 | 1 |
_aMurkoff, Heidi E., _eautora _912975 |
|
| 700 | 1 |
_aHathaway, Sandee E., _eautora _912976 |
|
| 700 | 1 |
_aDexeus Trías de Bes, José M., _eprologuista _912977 |
|
| 942 |
_2ddc _cBK |
||
| 999 |
_c7090 _d7090 |
||